Volleyball : (Record no. 36282)

MARC details
000 -LEADER
fixed length control field 03163nam a22003737a 4500
005 - DATE AND TIME OF LATEST TRANSACTION
control field 20100522121449.0
010 ## - LCCN (DPL NO)
LC control number EN-96140 B-424962-972
020 ## - INTERNATIONAL STANDARD BOOK NUMBER
International Standard Book Number 8175245778
Terms of availability 600.00
020 ## - INTERNATIONAL STANDARD BOOK NUMBER
International Standard Book Number 9788175245778
Terms of availability 600.00
035 ## - SYSTEM CONTROL NUMBER
System control number EN-79673
035 ## - SYSTEM CONTROL NUMBER
System control number B-424962-972
037 ## - SOURCE OF ACQUISITION
Source of stock number/acquisition DBAD/PUB
037 ## - SOURCE OF ACQUISITION
Source of stock number/acquisition Researchco Book Centre
082 ## - DEWEY DECIMAL CLASSIFICATION NUMBER
Classification number 796.325
100 ## - MAIN ENTRY--PERSONAL NAME
Personal name Solanki, Vivek
245 ## - TITLE STATEMENT
Title Volleyball :
Statement of responsibility, etc by Vivek Solanki
Remainder of title skills & rules /
260 ## - PUBLICATION, DISTRIBUTION, ETC. (IMPRINT)
Place of publication, distribution, etc New Delhi
Name of publisher, distributor, etc Khel Sahitya Kendra
Date of publication, distribution, etc 2010
270 ## - ADDRESS
Address 7/26, Ansari Road, Darya Ganj,
City New Delhi
Postal code 110002
300 ## - PHYSICAL DESCRIPTION
Extent 336p.:
Dimensions 23cm (Hb)
Other physical details ill.
942 ## - ADDED ENTRY ELEMENTS (KOHA)
Source of classification or shelving scheme Dewey Decimal Classification
Item type English Books
Call number suffix SOL
Classification part 796.325
Holdings
Withdrawn status Lost status Not for loan Collection code Home library Current library Date acquired Source of acquisition Cost, normal purchase price Full call number Barcode Copy number Cost, replacement price Koha item type
      Non-fiction Bawana Bawana 09/08/2011 Researchco Book Centre/RBC-22386/2011-12/14.3.11/76/4.3.11/23.3.11 600.00 796.325 SOL B-424971 1 600.00 English Books
      Non-fiction Central Library Central Library 09/08/2011 Researchco Book Centre/RBC-22386/2011-12/14.3.11/76/4.3.11/23.3.11 600.00 796.325 SOL B-424962 2 600.00 English Books
      Non-fiction Central Library Central Library 09/08/2011 Researchco Book Centre/RBC-22386/2011-12/14.3.11/76/4.3.11/23.3.11 600.00 796.325 SOL B-424963 2 600.00 English Books
    Not For Loan Non-fiction D.B.Act.Division D.B.Act.Division 13/04/2010 DBAD/PUB 600.00 796.325 SOL EN-79673 1 600.00 English Books
      Non-fiction Mobile Library Mobile Library 09/08/2011 Researchco Book Centre/RBC-22386/2011-12/14.3.11/76/4.3.11/23.3.11 600.00 796.325 SOL B-424964 5 600.00 English Books
      Non-fiction Mobile Library Mobile Library 09/08/2011 Researchco Book Centre/RBC-22386/2011-12/14.3.11/76/4.3.11/23.3.11 600.00 796.325 SOL B-424965 5 600.00 English Books
      Non-fiction Mobile Library Mobile Library 09/08/2011 Researchco Book Centre/RBC-22386/2011-12/14.3.11/76/4.3.11/23.3.11 600.00 796.325 SOL B-424966 5 600.00 English Books
      Non-fiction Mobile Library Mobile Library 09/08/2011 Researchco Book Centre/RBC-22386/2011-12/14.3.11/76/4.3.11/23.3.11 600.00 796.325 SOL B-424967 5 600.00 English Books
      Non-fiction Mobile Library Mobile Library 09/08/2011 Researchco Book Centre/RBC-22386/2011-12/14.3.11/76/4.3.11/23.3.11 600.00 796.325 SOL B-424968 5 600.00 English Books
      Non-fiction Patel Nagar Patel Nagar 09/08/2011 Researchco Book Centre/RBC-22386/2011-12/14.3.11/76/4.3.11/23.3.11 600.00 796.325 SOL B-424969 1 600.00 English Books
      Non-fiction Sarojini Nagar Sarojini Nagar 09/08/2011 Researchco Book Centre/RBC-22386/2011-12/14.3.11/76/4.3.11/23.3.11 600.00 796.325 SOL B-424970 1 600.00 English Books
      Non-fiction Shahdara Branch Shahdara Branch 09/08/2011 Researchco Book Centre/RBC-22386/2011-12/14.3.11/76/4.3.11/23.3.11 600.00 796.325 SOL B-424972 1 600.00 English Books

© Delhi Public Library
Hit Counter
free hit counter